[Event "Ljubljana-chT 68th Superliga"]
[Site "Ljubljana"]
[Date "2015.02.12"]
[Round "5.3"]
[White "Abe, Aljaz"]
[Black "Semrl, Marjan"]
[Result "0-1"]
[WhiteElo "1797"]
[BlackElo "2121"]
[PlyCount "82"]
[EventDate "2015.01.08"]
[EventType "team-tourn"]
[EventRounds "9"]
[EventCountry "SLO"]
[SourceTitle "EXT 2022"]
[Source "ChessBase"]
[SourceDate "2021.10.06"]
[SourceVersion "1"]
[SourceVersionDate "2021.10.06"]
[SourceQuality "1"]
[WhiteTeam "Loka pri Mengsu"]
[BlackTeam "Domzale SD"]
[WhiteTeamCountry "SLO"]
[BlackTeamCountry "SLO"]

1. g3 e5 2. Bg2 Nc6 3. Nc3 f5 4. d3 Bc5 5. e4 d6 6. Na4 Bb6 7. Nxb6 axb6 8. Ne2 Nf6 9. 0-0 0-0 10. f4 fxe4 11. dxe4 Bg4 12. c3 Qe8 13. h3 Be6 14. a3 Qf7 15. f5 Bc4 16. Rb1 Bb3 17. Qe1 Bc2 18. Ra1 Bxe4 19. g4 Qd5 20. Rf2 Bxg2 21. Rxg2 Ne4 22. Be3 Na5 23. Rd1 Qc6 24. Ng3 Nc4 25. Nh5 Nxe3 26. Qxe3 Qc5 27. Qxc5 bxc5 28. Rf1 g6 29. Ng3 Nxg3 30. Rxg3 gxf5 31. gxf5+ Kf7 32. Kf2 Rg8 33. Rg4 h5 34. Rh4 Rg5 35. Ke3 Kf6 36. c4 Ra4 37. Kd3 b5 38. Rc1 Rxf5 39. Re4 Rf3+ 40. Ke2 Rxh3 41. Rf1+ Ke6 0-1

[Event "SLO-chT1 West"]
[Site "Ljubljana"]
[Date "2014.10.25"]
[Round "8.22"]
[White "Bulatovic, Milorad"]
[Black "Semrl, Marjan"]
[Result "0-1"]
[WhiteElo "1911"]
[BlackElo "2113"]
[PlyCount "120"]
[EventDate "2014.10.03"]
[EventType "team-tourn"]
[EventRounds "9"]
[EventCountry "SLO"]
[SourceTitle "EXT 2019"]
[Source "ChessBase"]
[SourceDate "2018.10.10"]
[SourceVersion "1"]
[SourceVersionDate "2018.10.10"]
[SourceQuality "1"]
[WhiteTeam "Stari Mayr Kranj"]
[BlackTeam "Domzale"]
[WhiteTeamCountry "SLO"]
[BlackTeamCountry "SLO"]

1. d4 Nc6 2. Nf3 d5 3. g3 Bg4 4. Bg2 Qd7 5. 0-0 Bh3 6. Ne5 Nxe5 7. dxe5 Bxg2 8. Kxg2 e6 9. e4 Ne7 10. exd5 Qxd5+ 11. Qxd5 Nxd5 12. c3 0-0-0 13. a4 Be7 14. Nd2 Rd7 15. Ne4 Rhd8 16. a5 a6 17. Re1 h6 18. h4 Bf8 19. f4 Ne7 20. Be3 Nf5 21. Bf2 h5 22. Re2 Be7 23. Rb1 Rd3 24. b4 R8d7 25. b5 axb5 26. Rxb5 R7d5 27. c4 Rxb5 28. cxb5 Ra3 29. Be1 Ne3+ 30. Kh3 Nd5 31. Kh2 Kd7 32. Kg1 Rb3 33. a6 bxa6 34. bxa6 Ra3 35. Bf2 Rxa6 36. Rd2 Bb4 37. Rd4 Ra1+ 38. Kg2 Rc1 39. Rd3 c5 40. Kf3 c4 41. Rd4 Ke7 42. Ke2 g6 43. Kf3 Rc2 44. Bg1 Ba3 45. Bf2 Bb2 46. Rd1 Ba3 47. Bd4 Bb2 48. Bc5+ Kd7 49. Nd6 Kc6 50. Bg1 f6 51. Nf7 fxe5 52. fxe5 c3 53. Rd4 Rd2 54. Rc4+ Kd7 55. Nh8 c2 56. Nxg6 Bc3 57. Nf8+ Ke7 58. Bc5+ Kf7 59. Ra4 c1Q 60. Ra7+ Kg8 0-1

[Event "SLO-chT1 West"]
[Site "Ljubljana"]
[Date "2014.10.12"]
[Round "6"]
[White "Semrl, Marjan"]
[Black "Suc, Timothy"]
[Result "1-0"]
[WhiteElo "2113"]
[BlackElo "2117"]
[PlyCount "71"]
[EventDate "2014.10.03"]
[EventType "team-tourn"]
[EventRounds "9"]
[EventCountry "SLO"]
[SourceTitle "EXT 2019"]
[Source "ChessBase"]
[SourceDate "2018.10.10"]
[SourceVersion "1"]
[SourceVersionDate "2018.10.10"]
[SourceQuality "1"]
[WhiteTeam "Domzale"]
[BlackTeam "Piran"]
[WhiteTeamCountry "SLO"]
[BlackTeamCountry "SLO"]

1. d4 Nf6 2. Nf3 d6 3. Nc3 c6 4. e4 Bg4 5. h3 Bh5 6. Bd3 e6 7. Be3 Be7 8. Qd2 d5 9. Ne5 Nbd7 10. Nxd7 Nxd7 11. 0-0 Bg6 12. f3 0-0 13. Ne2 dxe4 14. fxe4 Nf6 15. Ng3 c5 16. c3 Qc7 17. Qf2 Nd5 18. exd5 Bxd3 19. dxc5 exd5 20. Rfd1 Be4 21. Nxe4 dxe4 22. Rd5 Bf6 23. Rad1 Be5 24. Qf5 Rae8 25. Rd7 Qc6 26. R1d5 Bb8 27. Qf1 Re5 28. Qd1 b6 29. Rxe5 Bxe5 30. Qd5 Qxd5 31. Rxd5 f6 32. cxb6 axb6 33. Bxb6 Rb8 34. Rd8+ Kf7 35. Rxb8 Bxb8 36. a4 1-0

[Event "Ljubljana-chT 67th Superliga"]
[Site "Ljubljana"]
[Date "2014.03.27"]
[Round "9.3"]
[White "Semrl, Marjan"]
[Black "Lucovnik, Tilen"]
[Result "1/2-1/2"]
[WhiteElo "2123"]
[BlackElo "2014"]
[PlyCount "51"]
[EventDate "2014.01.09"]
[EventType "team-tourn"]
[EventRounds "9"]
[EventCountry "SLO"]
[SourceTitle "EXT 2022"]
[Source "ChessBase"]
[SourceDate "2021.10.06"]
[SourceVersion "1"]
[SourceVersionDate "2021.10.06"]
[SourceQuality "1"]
[WhiteTeam "Domzale SD"]
[BlackTeam "Komenda Pogi"]
[WhiteTeamCountry "SLO"]
[BlackTeamCountry "SLO"]

1. d4 d5 2. Nf3 Nf6 3. e3 e6 4. Bd3 c5 5. 0-0 Nc6 6. b3 Bd6 7. Bb2 0-0 8. Nbd2 a6 9. c4 Rb8 10. Ne5 Nb4 11. Bb1 dxc4 12. Ndxc4 Be7 13. Nd3 Nxd3 14. Bxd3 b5 15. Ne5 Bb7 16. Qe2 cxd4 17. Bxd4 Qd5 18. Nf3 Ne4 19. Rfd1 Ng5 20. Ne1 f5 21. f3 Rbc8 22. Bb2 Qc6 23. Rac1 Qe8 24. Rxc8 Qxc8 25. Rc1 Qd7 26. Rd1 1/2-1/2

[Event "SLO-chT1 West"]
[Site "Ljubljana"]
[Date "2013.10.20"]
[Round "6"]
[White "Debevec, Blaz"]
[Black "Semrl, Marjan"]
[Result "1/2-1/2"]
[WhiteElo "2113"]
[BlackElo "2114"]
[PlyCount "29"]
[EventDate "2013.09.27"]
[EventType "team-tourn"]
[EventRounds "9"]
[EventCountry "SLO"]
[SourceTitle "EXT 2019"]
[Source "ChessBase"]
[SourceDate "2018.10.10"]
[SourceVersion "1"]
[SourceVersionDate "2018.10.10"]
[SourceQuality "1"]
[WhiteTeam "Komenda"]
[BlackTeam "Domzale"]
[WhiteTeamCountry "SLO"]
[BlackTeamCountry "SLO"]

1. e4 e5 2. Nf3 Nf6 3. Nxe5 d6 4. Nf3 Nxe4 5. d4 d5 6. Bd3 Nc6 7. 0-0 Be7 8. c4 Nb4 9. cxd5 Nxd3 10. Qxd3 Qxd5 11. Re1 Bf5 12. Nc3 Nxc3 13. Qxc3 Be6 14. Re5 Qd7 15. Bf4 1/2-1/2

[Event "SLO-chT1 West"]
[Site "Ljubljana"]
[Date "2013.10.19"]
[Round "5"]
[White "Semrl, Marjan"]
[Black "Jansa, Andrej"]
[Result "1/2-1/2"]
[WhiteElo "2114"]
[BlackElo "2006"]
[PlyCount "98"]
[EventDate "2013.09.27"]
[EventType "team-tourn"]
[EventRounds "9"]
[EventCountry "SLO"]
[SourceTitle "EXT 2019"]
[Source "ChessBase"]
[SourceDate "2018.10.10"]
[SourceVersion "1"]
[SourceVersionDate "2018.10.10"]
[SourceQuality "1"]
[WhiteTeam "Domzale"]
[BlackTeam "Kocevje"]
[WhiteTeamCountry "SLO"]
[BlackTeamCountry "SLO"]

1. d4 d5 2. Nf3 g6 3. Bf4 Nf6 4. e3 Bg7 5. Be2 Nbd7 6. Nc3 c6 7. Ne5 0-0 8. Qd2 Nxe5 9. Bxe5 b5 10. f3 Be6 11. 0-0 Qb6 12. Nd1 Rad8 13. Nf2 Bh6 14. Nd3 Bf5 15. Nc5 Nd7 16. Nxd7 Rxd7 17. g4 f6 18. Bg3 Be6 19. f4 Re8 20. h4 Bf7 21. Kg2 Bg7 22. Rf2 e5 23. fxe5 fxe5 24. c3 c5 25. dxc5 Qxc5 26. b4 Qc6 27. Kh2 d4 28. Rd1 Red8 29. cxd4 exd4 30. e4 Bc4 31. Bd3 Qe6 32. g5 Rc8 33. Rf3 a6 34. Rdf1 Bxd3 35. Rxd3 Rc3 36. Qe2 Rxd3 37. Qxd3 Qxa2+ 38. Rf2 Qc4 39. Qf3 Rf7 40. Qg4 d3 41. Rxf7 Qxf7 42. Qc8+ Bf8 43. Bd6 Qf2+ 44. Kh3 d2 45. Bxf8 Qf3+ 46. Kh2 Qxf8 47. Qe6+ Qf7 48. Qc8+ Qf8 49. Qe6+ Qf7 1/2-1/2

[Event "SLO-chT1 West"]
[Site "Ljubljana"]
[Date "2013.09.29"]
[Round "3"]
[White "Semrl, Marjan"]
[Black "Ciglic, Boris"]
[Result "1/2-1/2"]
[WhiteElo "2114"]
[BlackElo "2099"]
[PlyCount "20"]
[EventDate "2013.09.27"]
[EventType "team-tourn"]
[EventRounds "9"]
[EventCountry "SLO"]
[SourceTitle "EXT 2019"]
[Source "ChessBase"]
[SourceDate "2018.10.10"]
[SourceVersion "1"]
[SourceVersionDate "2018.10.10"]
[SourceQuality "1"]
[WhiteTeam "Domzale"]
[BlackTeam "Gorenjka Lesce"]
[WhiteTeamCountry "SLO"]
[BlackTeamCountry "SLO"]

1. Nf3 Nf6 2. d4 d6 3. Nc3 c6 4. e4 Bg4 5. h3 Bh5 6. Be2 Nbd7 7. Be3 e5 8. Qd2 Be7 9. 0-0 0-0 10. Rfe1 b5 1/2-1/2

[Event "SLO-chT1 West"]
[Site "Ljubljana"]
[Date "2013.09.27"]
[Round "1"]
[White "Semrl, Marjan"]
[Black "Leben, Dusan"]
[Result "1-0"]
[WhiteElo "2114"]
[BlackElo "1791"]
[PlyCount "71"]
[EventDate "2013.09.27"]
[EventType "team-tourn"]
[EventRounds "9"]
[EventCountry "SLO"]
[SourceTitle "EXT 2019"]
[Source "ChessBase"]
[SourceDate "2018.10.10"]
[SourceVersion "1"]
[SourceVersionDate "2018.10.10"]
[SourceQuality "1"]
[WhiteTeam "Domzale"]
[BlackTeam "Podpec SD"]
[WhiteTeamCountry "SLO"]
[BlackTeamCountry "SLO"]

1. Nc3 d5 2. e4 dxe4 3. Nxe4 Nf6 4. Qf3 Nxe4 5. Qxe4 Nd7 6. Bc4 Nf6 7. Qe2 Bg4 8. Nf3 e6 9. h3 Bxf3 10. Qxf3 c6 11. 0-0 Be7 12. c3 Nd5 13. d4 Bg5 14. Re1 Bxc1 15. Raxc1 0-0 16. Re5 Qf6 17. Qe2 Nf4 18. Qg4 Nd5 19. Rce1 Qf4 20. Qe2 Qf6 21. g3 Nb6 22. Bd3 g6 23. h4 Rfd8 24. Be4 h6 25. Bg2 h5 26. Rg5 Kf8 27. Re5 Nd7 28. Re4 Nb6 29. Rf4 Qe7 30. Qxe6 Qxe6 31. Rxe6 Nd7 32. Rxg6 f6 33. Bh3 Kf7 34. Rh6 Kg7 35. Rxh5 Nb6 36. Rg4+ 1-0

[Event "Ljubljana-chT 66th Superliga"]
[Site "Ljubljana"]
[Date "2013.03.21"]
[Round "9.4"]
[White "Juhant, Igor"]
[Black "Semrl, Marjan"]
[Result "1/2-1/2"]
[WhiteElo "1952"]
[BlackElo "2108"]
[PlyCount "141"]
[EventDate "2013.01.10"]
[EventType "team-tourn"]
[EventRounds "9"]
[EventCountry "SLO"]
[SourceTitle "EXT 2022"]
[Source "ChessBase"]
[SourceDate "2021.10.06"]
[SourceVersion "1"]
[SourceVersionDate "2021.10.06"]
[SourceQuality "1"]
[WhiteTeam "Komenda Popotnik"]
[BlackTeam "Domzale SD"]
[WhiteTeamCountry "SLO"]
[BlackTeamCountry "SLO"]

1. e4 Nc6 2. Nc3 Nf6 3. Bc4 e6 4. d3 d5 5. exd5 exd5 6. Bb5 Bg4 7. Nge2 Be7 8. 0-0 0-0 9. d4 a6 10. Bxc6 bxc6 11. h3 Bh5 12. Be3 Re8 13. Qc1 Qd7 14. Nf4 Bg6 15. Nxg6 hxg6 16. Na4 Ne4 17. c4 Rab8 18. b3 Bf6 19. Rb1 dxc4 20. Qxc4 Qd5 21. Rfc1 Qxc4 22. Rxc4 Ng3 23. Rd1 Rbd8 24. Rd3 Nf5 25. g4 Nh4 26. Rxc6 Nf3+ 27. Kf1 Nxd4 28. Rxf6 gxf6 29. Rxd4 Rxd4 30. Bxd4 f5 31. gxf5 gxf5 32. Nc5 Ra8 33. Ke2 Kh7 34. Kf3 Kg6 35. Kf4 Rd8 36. Be3 Rd6 37. b4 Rc6 38. a3 Rd6 39. Ke5 Rc6 40. h4 Rd6 41. a4 Rb6 42. Nd3 Re6+ 43. Kd5 Rd6+ 44. Kc4 Kh5 45. Bf4 Rg6 46. Bxc7 Rc6+ 47. Nc5 Rxc7 48. Kd5 Ra7 49. Kc6 Kxh4 50. Kb6 Re7 51. Kxa6 Re2 52. b5 Rxf2 53. b6 Rb2 54. b7 Kg3 55. Ka7 f4 56. b8Q Rxb8 57. Kxb8 Kf3 58. Nd3 f5 59. a5 Ke3 60. a6 Kxd3 61. a7 f3 62. a8Q Ke2 63. Qa6+ Ke1 64. Qa5+ Ke2 65. Qxf5 f2 66. Qe4+ Kd1 67. Qd3+ Ke1 68. Qe3+ Kf1 69. Kc7 Kg1 70. Qg5+ Kh1 71. Qf4 1/2-1/2

[Event "Ljubljana-chT 66th Superliga"]
[Site "Ljubljana"]
[Date "2013.03.14"]
[Round "8.3"]
[White "Borstnik, Ales"]
[Black "Semrl, Marjan"]
[Result "0-1"]
[WhiteElo "1705"]
[BlackElo "2108"]
[PlyCount "108"]
[EventDate "2013.01.10"]
[EventType "team-tourn"]
[EventRounds "9"]
[EventCountry "SLO"]
[SourceTitle "EXT 2022"]
[Source "ChessBase"]
[SourceDate "2021.10.06"]
[SourceVersion "1"]
[SourceVersionDate "2021.10.06"]
[SourceQuality "1"]
[WhiteTeam "Podpec"]
[BlackTeam "Domzale SD"]
[WhiteTeamCountry "SLO"]
[BlackTeamCountry "SLO"]

1. e4 d5 2. exd5 Qxd5 3. Nc3 Qe5+ 4. Qe2 Qxe2+ 5. Bxe2 c6 6. Nf3 Bf5 7. d3 e6 8. Nh4 Bg6 9. Nxg6 hxg6 10. Be3 Nf6 11. a3 Nbd7 12. Bf3 Ne5 13. Be2 Bd6 14. Ne4 Bc7 15. Nxf6+ gxf6 16. 0-0-0 Nd7 17. h3 0-0-0 18. f4 f5 19. Bf3 Nf6 20. g3 Nd5 21. Bd4 Rhg8 22. Be5 Bb6 23. Bxd5 Rxd5 24. c4 Rd7 25. Kc2 Bf2 26. g4 Bd4 27. Bxd4 Rxd4 28. Rdf1 Rh8 29. Kc3 Rdd8 30. g5 Rh4 31. d4 Rdh8 32. Rf3 Kd7 33. b4 Kd6 34. a4 b6 35. c5+ Kc7 36. Kc4 bxc5 37. Kxc5 Rd8 38. Re1 a6 39. Kc4 Rdh8 40. Ree3 Kd6 41. Ra3 Rb8 42. Rab3 Rb7 43. Rbe3 Rd7 44. Re5 Kc7 45. Kc5 Rh8 46. Kc4 Kb6 47. b5 cxb5+ 48. axb5 Rc8+ 49. Kb4 Rxd4+ 50. Ka3 axb5 51. Rb3 Rc5 52. Rxc5 Kxc5 53. Rf3 Kd6 54. Rb3 b4+ 0-1

[Event "Ljubljana-chT 66th Superliga"]
[Site "Ljubljana"]
[Date "2013.02.07"]
[Round "4.3"]
[White "Jazbec, Hinko"]
[Black "Semrl, Marjan"]
[Result "1/2-1/2"]
[WhiteElo "1969"]
[BlackElo "2108"]
[PlyCount "36"]
[EventDate "2013.01.10"]
[EventType "team-tourn"]
[EventRounds "9"]
[EventCountry "SLO"]
[SourceTitle "EXT 2022"]
[Source "ChessBase"]
[SourceDate "2021.10.06"]
[SourceVersion "1"]
[SourceVersionDate "2021.10.06"]
[SourceQuality "1"]
[WhiteTeam "Zagorje ob Savi"]
[BlackTeam "Domzale SD"]
[WhiteTeamCountry "SLO"]
[BlackTeamCountry "SLO"]

1. e4 e5 2. Nf3 Nf6 3. Nc3 Nc6 4. Be2 d5 5. exd5 Nxd5 6. Nxd5 Qxd5 7. d3 Bc5 8. 0-0 0-0 9. c3 a5 10. Qa4 Bf5 11. Qc4 Qxc4 12. dxc4 Rad8 13. Be3 Bxe3 14. fxe3 Bd3 15. Kf2 f6 16. Rfd1 Bxe2 17. Kxe2 Rf7 18. Rd5 b6 1/2-1/2